Food biochemistry I; គីំីំមីជីវៈចំណីអាហារ (Record no. 9014)

000 -LEADER
fixed length control field 00325nam a22001217a 4500
040 ## - CATALOGING SOURCE
Transcribing agency SK
082 ## - DEWEY DECIMAL CLASSIFICATION NUMBER
Classification number 572
100 ## - MAIN ENTRY--AUTHOR NAME
Personal name ជ្រុន រិទ្ធី
245 ## - TITLE STATEMENT
Title Food biochemistry I; គីំីំមីជីវៈចំណីអាហារ
260 ## - PUBLICATION, DISTRIBUTION, ETC. (IMPRINT)
Place of publication RUA
Name of publisher ជ្រុន
Year of publication 2011
300 ## - PHYSICAL DESCRIPTION
Number of Pages 38p.
942 ## - ADDED ENTRY ELEMENTS (KOHA)
Koha item type សៀវភៅភាសាខ្មែរ
952 ## - LOCATION AND ITEM INFORMATION (KOHA)
Withdrawn status [LOCAL, KOHA] 0
Holdings
Permanent Location Date acquired Koha item type Lost status Shelving location Barcode Current Location Full call number
Library Block C2016-08-23សៀវភៅភាសាខ្មែរ C164RUA43745Library Block C572 ជ្រុន 2011 C164
មជ្ឈមណ្ឌលឯការនៃសាកលវិទ្យាល័យភូមិន្ទកសិកម្មចំការដូង

Powered by Koha